Zobrazenie dlhodobého majetku v účtovníctve podnikateľských subjektov diplomová práca

Salvato in:
Dettagli Bibliografici
Autore principale: Vašeková, Alena
Ente Autore: Fakulta hospodárskej informatiky EU. Katedra účtovníctva a audítorstva
Altri autori: Szászová, Renáta
Natura: Libro
Lingua:slovacco
Pubblicazione: Bratislava 2010
Tags: Aggiungi Tag
Nessun Tag, puoi essere il primo ad aggiungerne!!

MARC

LEADER 00000nam$a2200000$$$4500
001 0120294
005 20240318124018.8
041 0 |a slo 
044 |a SK 
245 1 0 |a Zobrazenie dlhodobého majetku v účtovníctve podnikateľských subjektov  |b diplomová práca  |c Alena Vašeková ; škol. Renáta Szászová 
264 1 |a Bratislava  |c 2010 
100 1 |a Vašeková, Alena 
700 1 |a Szászová, Renáta 
710 2 |a Fakulta hospodárskej informatiky EU. Katedra účtovníctva a audítorstva